| 000 | 00517nam a2200145Ia 4500 | ||
|---|---|---|---|
| 008 | 170221s9999 xx 000 0 und d | ||
| 100 | _aAbdul Sami | ||
| 245 | _aRole of Ethical Culture in Creating Public Value | ||
| 245 | _cAbdul Sami, Ahmad Jusoh, Mastura Mahfar, Muhammad Imran Qureshi, Muhammad Muddassar Khan | ||
| 260 | _bInternational Review of Management and Marketing | ||
| 260 | _c2016 | ||
| 300 | _a6 : 4S | ||
| 650 | _xMarketing. | ||
| 856 | _uhttp://www.econjournals.com/index.php/irmm/issue/view/77 | ||
| 999 |
_c308447 _d308447 |
||